Welcome to the Holygrace Academy Library

Please use search bar below to get started

DOLLAR BAHU (Record no. 8993)

MARC details
000 -LEADER
fixed length control field 00630nam a22001577a 4500
020 ## - INTERNATIONAL STANDARD BOOK NUMBER
ISBN 978-0-143-10376-9
082 ## - DEWEY DECIMAL CLASSIFICATION NUMBER
Classification number 823
Item number MUR/D
100 ## - MAIN ENTRY--AUTHOR NAME
Personal name MURTY, SUDHA
245 ## - TITLE STATEMENT
Title DOLLAR BAHU
246 ## - VARYING FORM OF TITLE
Title proper/short title DOLLAR BAHU
Remainder of title DOLLAR BAHU
260 ## - PUBLICATION, DISTRIBUTION, ETC. (IMPRINT)
Place of publication INDIA
Name of publisher PENGUIN
Year of publication 2023
300 ## - PHYSICAL DESCRIPTION
Number of Pages 142
520 ## - SUMMARY, ETC.
Summary, etc Dollar Bahu narrates the story of Vinuta, a simple girl and an orphan, looked after by her uncles and aunts. She is married off to Girish, a simple bank clerk, who utterly obeys his mother. But Vinuta's mother-in-law, Gouramma never acknowledges her selfless attitude, and Vinuta stays silent.
650 ## - SUBJECT ADDED ENTRY--TOPICAL TERM
Topical Term ENGLISH FICTION
942 ## - ADDED ENTRY ELEMENTS (KOHA)
Koha item type Books
Holdings
Withdrawn status Lost status Collection code Home library Current library Shelving location Date acquired Source of acquisition Cost, normal purchase price Full call number Accession Number Koha item type
    Fiction Main Library Main Library NEW SHELF WITH NEW ENTRY 16/11/2024 PURCHASED 250.00 823 MUR/D 13754 Books